Διεθνείς σχέσεις : μια συνολική προσέγγιση
Αποθηκεύτηκε σε:
| Κύριος συγγραφέας: | |
|---|---|
| Άλλοι συγγραφείς: | |
| Μορφή: | Βιβλίο |
| Γλώσσα: | Greek |
| Δημοσίευση: |
Αθήνα :
Παπαζήσης,
1985.
|
| Θέματα: | |
| Ετικέτες: |
Προσθήκη ετικέτας
Δεν υπάρχουν, Καταχωρήστε ετικέτα πρώτοι!
|
MARC
| LEADER | 00000cam a2200000 i 4500 | ||
|---|---|---|---|
| 001 | 1/17327 | ||
| 008 | 010219s1985 gr | ||| |||| ||gre|| | ||
| 035 | |l 10066091 | ||
| 040 | |a GR-MY-UA |b gre |e aacr | ||
| 041 | 0 | |a gre | |
| 082 | 7 | |a 327 |2 (22) | |
| 100 | 1 | |a Κουλουμπής, Θεόδωρος Α., |d 1935- | |
| 245 | 1 | 0 | |a Διεθνείς σχέσεις : |b μια συνολική προσέγγιση / |c Θ. Κουλουμπής, Δ. Κώνστας. |
| 260 | |a Αθήνα : |b Παπαζήσης, |c 1985. | ||
| 300 | |a 2τ. (τ.1: 260 σ., τ.2: 355 σ.) ; |c 24 εκ. | ||
| 650 | 0 | 0 | |a International relations. |
| 650 | 0 | 0 | |a International relations |x Law and legislation. |
| 650 | 0 | 0 | |a International economic relations. |
| 700 | 1 | |a Κώνστας, Δημήτρης Κ., |d 1946- | |
| 852 | |a INST |b CHIOS |e 20010219 |h 327 ΚΟΥ |p 005200016876 |q 005200016876 |t BK |y 0 |z τ.1 | ||
| 852 | |a INST |b CHIOS |e 20010219 |h 327 ΚΟΥ |p 005200021473 |q 005200021473 |t BK |y 0 |z τ.2 | ||
| 852 | |a INST |b CHIOS |e 20010219 |h 327 ΚΟΥ |p 005200016876 |q 005200016876 |t BK |v τ.1: |y 0 |z τ.1 | ||
| 852 | |a INST |b CHIOS |e 20010219 |h 327 ΚΟΥ |p 005200021473 |q 005200021473 |t BK |v τ.2: |y 0 |z τ.2 | ||
| 852 | |a INST |b RHODES |e 20020121 |h 327 ΚΟΥ |p 005400016750 |q 005400016750 |t BK |y 0 |z τ.1 | ||
| 852 | |a INST |b RHODES |e 20020121 |h 327 ΚΟΥ |p 005400016750 |q 005400016750 |t BK |v τ.1: |y 0 |z τ.1 | ||
| 853 | |a INST |b CHIOS |h 327 ΚΟΥ | ||
| 853 | |a INST |b RHODES |h 327 ΚΟΥ | ||
| 901 | |a BIBL2-2001-1 | ||
| 901 | |a BIBL4-2002-1 | ||
| 909 | |a Χ |b 083008 | ||
| 909 | |a Χ |b 082951 | ||
| 909 | |a Ρ |b 085203 | ||
| 970 | |a ΣΠΕΝΤΖΑ |b ΕΛΕΝΗ |z 2001/02/19 | ||